ECONOMIA Y POLITICA ECONOMICA (Registro nro. 57342)
[ vista simple ]
| 000 -LEADER | |
|---|---|
| fixed length control field | 00917nam a2200229 a 4500 |
| 001 - CONTROL NUMBER | |
| control field | 57342 |
| 005 - DATE AND TIME OF LATEST TRANSACTION | |
| control field | 20180714053506.0 |
| 008 - FIXED-LENGTH DATA ELEMENTS--GENERAL INFORMATION | |
| fixed length control field | 140415s1992 mx 000 0 spa d |
| 020 ## - INTERNATIONAL STANDARD BOOK NUMBER | |
| International Standard Book Number | 9681637216 |
| 041 ## - LANGUAGE CODE | |
| Language code of text/sound track or separate title | spa |
| 082 ## - DEWEY DECIMAL CLASSIFICATION NUMBER | |
| Classification number | 338.9 |
| Item number | CAI |
| 100 1# - MAIN ENTRY--PERSONAL NAME | |
| Personal name | CAIRNCROSS, ALEC |
| 245 10 - TITLE STATEMENT | |
| Title | ECONOMIA Y POLITICA ECONOMICA |
| 250 ## - EDITION STATEMENT | |
| Edition statement | 1a ed. |
| 260 ## - PUBLICATION, DISTRIBUTION, ETC. | |
| Place of publication, distribution, etc. | MEXICO : |
| Name of publisher, distributor, etc. | FONDO DE CULTURA ECONOMICA, |
| Date of publication, distribution, etc. | 1992 |
| 300 ## - PHYSICAL DESCRIPTION | |
| Extent | 335 |
| Dimensions | 13.8 x 1.7 x 21 |
| 490 ## - SERIES STATEMENT | |
| Series statement | ECONOMIA CONTEMPORANEA |
| 520 ## - SUMMARY, ETC. | |
| Summary, etc. | EN ESTE LIBRO EL LECTOR ENCONTRARÁ TRECE ENSAYOS QUE ESTUDIAN EN ESPECIAL POLÍTICAS ECONÓMICAS GUBERNAMENTALES, INCLUYENDO LA PLANEACIÓN Y DESARROLLO ECONÓMICO, INNOVACIONES Y CRECIMIENTOS, ASI COMO EL USO DE POLÍTICAS FISCALES Y MONETARIAS EN PRO DE LA ESTABILIZACIÓN |
| 650 14 - SUBJECT ADDED ENTRY--TOPICAL TERM | |
| Topical term or geographic name entry element | ECONOMIA |
| General subdivision | POLITICA ECONOMICA |
| 700 1# - ADDED ENTRY--PERSONAL NAME | |
| Personal name | ROSA CUSMINSKY DE CENDRERO |
| Relator term | tr. |
| 740 ## - ADDED ENTRY--UNCONTROLLED RELATED/ANALYTICAL TITLE | |
| Uncontrolled related/analytical title | ECONOMICS & ECONOMIC POLICY |
| Withdrawn status | Lost status | Source of classification or shelving scheme | Damaged status | Not for loan | Collection code | Home library | Current library | Shelving location | Date acquired | Source of acquisition | Inventory number | Total Checkouts | Total Renewals | Full call number | Barcode | Date last seen | Date last checked out | Price effective from | Koha item type |
|---|---|---|---|---|---|---|---|---|---|---|---|---|---|---|---|---|---|---|---|
| Dewey Decimal Classification | General | Biblioteca Karol Wojtyla | Biblioteca Karol Wojtyla | Sala general | 03/12/2013 | Compra | 151000000000000000051694 | 1 | 1 | 338.9 CAI | 86662 | 05/01/2026 | 08/10/2024 | 03/12/2013 | Libro |